| 000 | 00543nam a2200181 a 4500 | ||
|---|---|---|---|
| 005 | 20140310183209.0 | ||
| 008 | 030422s19uu xx 00 eng d | ||
| 020 | _a0722504942 | ||
| 050 |
_aRM 222.2 _b.Qu6 1983 |
||
| 100 | _aQuick, Clifford | ||
| 245 |
_aDiets to help hypertension / _cClifford Quick. |
||
| 260 |
_aWellingborough, Northamptonshire : _bThorsons Publishers Limited, _c1983. |
||
| 300 |
_a48 p. : _c18 cm. |
||
| 521 | _aNUR | ||
| 650 |
_aHypertension _xTreatments _xPopular works. |
||
| 942 |
_cBK _2lcc _kFOR |
||
| 999 |
_c20076 _d20076 |
||